<?xml version="1.0" encoding="UTF-8"?>
<record
    xmlns:xsi="http://www.w3.org/2001/XMLSchema-instance"
    xsi:schemaLocation="http://www.loc.gov/MARC21/slim http://www.loc.gov/standards/marcxml/schema/MARC21slim.xsd"
    xmlns="http://www.loc.gov/MARC21/slim">

  <leader>01918nam a2200205 a 4500</leader>
  <controlfield tag="008">161216e2005    sp ||||g |||| 000 1 spa d</controlfield>
  <datafield tag="020" ind1=" " ind2=" ">
    <subfield code="a">8495908735</subfield>
  </datafield>
  <datafield tag="041" ind1=" " ind2=" ">
    <subfield code="a">spa</subfield>
  </datafield>
  <datafield tag="092" ind1=" " ind2=" ">
    <subfield code="c">808</subfield>
    <subfield code="l">36</subfield>
    <subfield code="s">HUI</subfield>
  </datafield>
  <datafield tag="100" ind1="1" ind2=" ">
    <subfield code="a">Hui, Wei</subfield>
    <subfield code="9">3944</subfield>
  </datafield>
  <datafield tag="245" ind1=" " ind2=" ">
    <subfield code="a">Casada con Buda /</subfield>
    <subfield code="c">Wei Hui</subfield>
  </datafield>
  <datafield tag="250" ind1=" " ind2=" ">
    <subfield code="a">1a ed.</subfield>
    <subfield code="b">Traducci&#xF3;n Ainara Munt Ojanguren y Xu Ying</subfield>
  </datafield>
  <datafield tag="260" ind1=" " ind2=" ">
    <subfield code="a">Barcelona:</subfield>
    <subfield code="b">Emec&#xE9;;</subfield>
    <subfield code="c">2005.</subfield>
  </datafield>
  <datafield tag="300" ind1=" " ind2=" ">
    <subfield code="a">277 p.</subfield>
  </datafield>
  <datafield tag="500" ind1=" " ind2=" ">
    <subfield code="a">Hui, W. (2005). Casada con Buda. (1a ed.). Barcelona : Editorial planeta.</subfield>
  </datafield>
  <datafield tag="505" ind1=" " ind2=" ">
    <subfield code="a">Coc&#xF3;, una joven novelista de &#xE9;xito, ha dejado su hogar en Shangai para irse a vivir a Nueva York. En este nuevo mundo conoce a Muju, un japon&#xE9;s con el que inicia una relaci&#xF3;n llena de atracci&#xF3;n, pasi&#xF3;n y complicidad. Coc&#xF3; siente desde el principio que el suyo es un amor que esta predestinado y, satisfecha sentimental y sexualmente, inicia el camino hacia el despertar espiritual. Pero cuando la perfecta qu&#xED;mica que existe entre los dos empieza a resquebrajarse y aparece la figura de Nick, un neoyorquino arrollador que perturba su equilibrio, Coc&#xF3; vuelve a su tierra en busca de s&#xED; misma. Se instala en la isla de Putuoshan, el para&#xED;so budista que la vio nacer, con la intenci&#xF3;n de comprender sus propias emociones y poner en orden su vida con la ayuda del viejo y sabio Maestro de Naturaleza Vac&#xED;a. Sin embargo, nadie puede huir de sus sentimientos, y en el momento en que los dos hombres de su vida desaparecen, Coc&#xF3; se ver&#xE1; inmersa en el dilema m&#xE1;s importante de su vida. Casada con Buda es la continuaci&#xF3;n de la historia que Wei Hui nos present&#xF3; en Shangai Baby, un relato semiautobiogr&#xE1;fico de su despertar sexual y espiritual. El libro fue prohibido en China y se convirti&#xF3; en un bestseller en todo el mundo, con m&#xE1;s de siete millones de ejemplares vendidos.  </subfield>
  </datafield>
  <datafield tag="590" ind1=" " ind2=" ">
    <subfield code="a">Proyecto 4to libro. Donaci&#xF3;n Victoria Lara, Mayo 2018.</subfield>
  </datafield>
  <datafield tag="655" ind1=" " ind2=" ">
    <subfield code="a">Literatura</subfield>
    <subfield code="9">2917</subfield>
  </datafield>
  <datafield tag="942" ind1=" " ind2=" ">
    <subfield code="2">ddc</subfield>
    <subfield code="c">LIT</subfield>
  </datafield>
  <datafield tag="999" ind1=" " ind2=" ">
    <subfield code="c">2779</subfield>
    <subfield code="d">2779</subfield>
  </datafield>
  <datafield tag="952" ind1=" " ind2=" ">
    <subfield code="0">0</subfield>
    <subfield code="1">0</subfield>
    <subfield code="2">ddc</subfield>
    <subfield code="4">0</subfield>
    <subfield code="7">0</subfield>
    <subfield code="a">BFM</subfield>
    <subfield code="b">BFM</subfield>
    <subfield code="c">CR</subfield>
    <subfield code="d">2018-05-24</subfield>
    <subfield code="e">Donaci&#xF3;n Victoria Lara, mayo 2018</subfield>
    <subfield code="l">0</subfield>
    <subfield code="o">808 36 HUI</subfield>
    <subfield code="p">4294</subfield>
    <subfield code="r">2018-05-24</subfield>
    <subfield code="t">Ej. 1</subfield>
    <subfield code="w">2018-05-24</subfield>
    <subfield code="y">LIT</subfield>
    <subfield code="z">Proyecto 4to libro. Donaci&#xF3;n Victoria Lara, mayo 2018</subfield>
  </datafield>
</record>
